LEADER 04221nam a22004937a 4500
001 44460
003 BD-DhAAL
005 20250623142444.0
008 250617t2025 mauabe 000 0 eng d
040 |a BD-DhAAL  |c BD-DhAAL 
082 |a 305.895805492  |2 23 
245 |a The Rohingya camps :  |b permanence in transition /  |c [instructor] Fuad Mallick ; report editor, Tristan Kamata. 
260 |a Cambridge, MA :  |b Harvard University Graduate School of Design,  |c 2025. 
300 |a 121 pages :  |b color illustrations, maps, plans ;  |c 25 cm 
500 |a "Studio Report Fall 2023"--Page 4 of cover. 
500 |a "Harvard GSD. Department of Urban Planning and Design"--Page 4 of cover. 
505 |a Permanence as Transition / Fuad Mallick -- The Harvard University Asia Center Collaboration with the Harvard Graduate School of Design / Elizabeth Liao -- Background. Bangladesh ; The Rohingya Refugees ; Issues ; Climate -- Studio Introduction. Objectives ; Students ; Site Visit -- For Hope : Rethinking the Rohingya Cultural Memory Centre (RCMC) as Activated Cultural Spaces / Alejandra Cortez Paz -- Rohingya Repatriation : From a Humanitarian Crisis into Economic Prosperity / Enrique Mutis -- Waste as a Resource : The New Role of Organic Waste in the Rohingya Refugee Camp / Gonzalo Montoya -- Dreamscapes : New Infrastructure for Play in the Rohingya Refugee Camps / Hafsa Abdi -- Navigating Hope : Revitalizing Waterways in Rohingya Refugee Camps / Jessica Shakesprere -- Amendments and Suggestions to The Shelter Technical Guide / Kellie Zhao -- Improving Rohingya Mental Health in Cox's Bazar / Michael Miwa -- Insurgent Domesticity : Spatial Empowerment for Women in the Rohingya Refugee Camp / Qianer Zhu -- RohingyaRide: Providing Gendered Access and New Opportunities through a Transitory Transportation System / Rodrigo Martel Orihuela -- The Power of Faith / Sichang (Alice) Huang -- Survive and Thrive with Water / Tristan Kamata -- From Assistance to Subsistence : Exploring the Path to Food Sufficiency for Rohingya Families in Refugee Camps / Yuhui (Junia) Yang -- Mid + Final Review Photos -- Contributors -- Image Credits -- Acknowledgements.  
541 |a Complimentary copy from Fuad Hassan Mallick, Professor and Dean School of Architecture and Design, BRAC University  |e 44460 
650 |a Rohingya (Burmese people)  |z Bangladesh  |x Social conditions.  |9 39279 
650 |a Refugee camps  |x Design and construction.  |9 58454 
650 |a Humanitarian assistance. 
650 |a Camps, Refugee.  |9 58455 
650 |a Displaced persons camps.  |9 58456 
650 |a Refugees  |x Housing.  |9 58457 
650 |a Humanitarian aid.  |9 58458 
650 |a Ethnology  |z Burma.  |9 58459 
650 |a Muslims  |z Burma.  |9 58460 
700 |a Mallick, Fuad Hassan  |e teacher.  |9 3447 
700 |a Kamata, Tristan  |q (Kotaro Tristan),  |e editor.  |9 58461 
700 |i Container of (work):  |a Cortez Paz, Alejandra.  |t For hope.  |9 58471 
710 |a Harvard University.  |b Urban Design Program  |e sponsoring body.  |9 58462 
710 |a Harvard University.  |b Graduate School of Design  |e host institution.  |9 5506 
710 |a Harvard University.  |b School of Design  |9 58463 
710 |a Harvard University.  |b Faculty of Design  |9 58464 
710 |a Harvard University.  |b Department of Landscape Architecture.  |b Urban Design Program  |9 58465 
710 |a Harvard University.  |b Graduate School of Design.  |b Urban Design Program  |9 58466 
710 |a Harvard University.  |b Urban Design and Planning Program  |9 58467 
710 |a Harvard University.  |b Urban Planning and Design  |9 58468 
710 |a Harvard University.  |b Department of Urban Planning and Design  |9 58469 
710 |a Harvard University.  |b Graduate School of Design.  |b Department of Urban Planning and Design  |9 58470 
852 |a Ayesha Abed Library 
942 |2 ddc  |c BK 
999 |c 47313  |d 47313 
952 |0 0  |1 0  |2 ddc  |4 0  |6 305_895805492000000_ROH  |7 1  |8 REF  |9 77842  |a BRACUL  |b BRACUL  |d 2025-06-17  |e Complimentary copy from Fuad Hassan Mallick, Professor and Dean, School of Architecture and Design, BRAC University  |l 0  |o 305.895805492 ROH  |p 3010044460  |r 2025-06-17  |t 1  |w 2025-06-17  |y BK  |x Complimentary copy from Fuad Hassan Mallick, Professor and Dean, School of Architecture and Design, BRAC University